| 000 -CABECERA |
| campo de control de longitud fija |
01219nam a22002057a 4500 |
| 003 - IDENTIFICADOR DEL NÚMERO DE CONTROL |
| campo de control |
OSt |
| 005 - FECHA Y HORA DE LA ÚLTIMA TRANSACCIÓN |
| campo de control |
20230724165512.0 |
| 008 - DATOS DE LONGITUD FIJA--INFORMACIÓN GENERAL |
| campo de control de longitud fija |
230724b ||||| |||| 00| 0 spa d |
| 020 ## - NÚMERO INTERNACIONAL ESTÁNDAR DEL LIBRO |
| Número Internacional Estándar del Libro |
9789587048896 |
| 040 ## - FUENTE DE LA CATALOGACIÓN |
| Centro/agencia transcriptor |
CO-MqBPB |
| 082 ## - NÚMERO DE LA CLASIFICACIÓN DECIMAL DEWEY |
| Número de clasificación |
AN |
| Número de documento/Ítem |
PEAu |
| 100 ## - ENTRADA PRINCIPAL--NOMBRE DE PERSONA |
| Nombre de persona |
Pearl, Matthew, |
| Fechas asociadas al nombre |
1975- |
| 245 ## - MENCIÓN DE TÍTULO |
| Título |
El último Dickens/ |
| Mención de responsabilidad, etc. |
Mathew Pearl ; traducción Manu Berástegui. |
| 260 ## - PUBLICACIÓN, DISTRIBUCIÓN, ETC. |
| Lugar de publicación, distribución, etc. |
Bogotá: |
| Nombre del editor, distribuidor, etc. |
Alfaguara, |
| Fecha de publicación, distribución, etc. |
2009 |
| 300 ## - DESCRIPCIÓN FÍSICA |
| Extensión |
500 páginas; |
| Otras características físicas |
Tapa Rústica, |
| Dimensiones |
24 cm. |
| 500 ## - NOTA GENERAL |
| Nota general |
¿Qué ocurrió con la novela inconclusa de Charles Dickens?<br/>¿Hubo alguna relación entre la repentina muerte del escritor más admirado en vida y esta misteriosa obra cuya sola mención deja un rastro de cadáveres en tres continentes?<br/>Un apasionante y vertiginoso thriller que reabre uno de los más grandes enigmas literarios de la historia.<br/>Una brillante y adictiva trama que mezcla el tráfico de opio y la literatura, el efervescente Boston de finales del XIX, el Londres victoriano y la India colonial.<br/>"Matthew Pearl es la nueva estrella deslumbrante de la ficción literaria, un autor impetuoso, creativo e inmensamente dotado." |
| 650 ## - PUNTO DE ACCESO ADICIONAL DE MATERIA--TÉRMINO DE MATERIA |
| Término de materia o nombre geográfico como elemento de entrada |
Novela estadounidense |
| Subdivisión general |
Intriga |
| 650 ## - PUNTO DE ACCESO ADICIONAL DE MATERIA--TÉRMINO DE MATERIA |
| Término de materia o nombre geográfico como elemento de entrada |
Novela Policiaca |
| 942 ## - ELEMENTOS DE PUNTO DE ACCESO ADICIONAL (KOHA) |
| Fuente del sistema de clasificación o colocación |
|
| Tipo de ítem Koha |
Libro Literatura |